000 00721cam a2200229 i 4500
999 _c21456
_d21456
001 21456
003 Mx-PuUPA
005 20210507172654.0
008 140415s1968 xxua r 000 0 eng d
040 _erda
_aMx-PuUPA
_bspa
_cMx-PuUPA
_dMx-PuUPA
041 0 _aeng
100 1 _aGoossen, E. C.
_eautor
_94480
245 1 4 _aThe art of the real USA 1948-1968.
_c E. C. Goossen
264 1 _aEstados Unidos de América :
_bThe Museum of Modern Art,
_c1968
300 _a63 páginas :
_bilustraciones ;
_c23 cm.
336 _atexto
_2rdacontent
_btxt
337 _asin medio
_2rdamedia
_bn
338 _avolumen
_2rdacarrier
_bnc
650 4 _aArte
942 _2ddc
_cLI
_h700
_iG644